<?xml version="1.0" encoding="UTF-8"?>
<collection xmlns="http://www.loc.gov/MARC21/slim">
  <record>
    <leader>00000nam  2200000   4500</leader>
    <controlfield tag="001">INLIS000000000002963</controlfield>
    <controlfield tag="005">20250218095615</controlfield>
    <datafield tag="035" ind1="#" ind2="#">
      <subfield code="a">0010-0225000253</subfield>
    </datafield>
    <controlfield tag="007">ta</controlfield>
    <controlfield tag="008">250218###########################0#ind##</controlfield>
    <datafield tag="082" ind1="#" ind2="#">
      <subfield code="a">519.535</subfield>
    </datafield>
    <datafield tag="084" ind1="#" ind2="#">
      <subfield code="a">519.535 WIW p</subfield>
    </datafield>
    <datafield tag="100" ind1=" " ind2="#">
      <subfield code="a">Wiwit Pura Nurmayanti</subfield>
    </datafield>
    <datafield tag="245" ind1="1" ind2="#">
      <subfield code="a">PEMETAAN FAKTOR KESEJAHTERAAN KELUARGA PADA KAMPUNG KELUARGA BERKUALITAS DI DESA REMPUNG: ANALISIS MULTIDIMENSIONAL SCALLING /</subfield>
      <subfield code="c">Wiwit Pura Nurmayanti1, Sausan Nisrina2, Izzu Syifaâ€™ian Alpain3, Hadi Fathurrohman4, Baiq Delima Septiani5</subfield>
    </datafield>
    <datafield tag="250" ind1="#" ind2="#">
      <subfield code="a">Jurnal Keluarga Berencana Vol.8 No.2 (2023) 87-94</subfield>
    </datafield>
    <datafield tag="260" ind1="#" ind2="#">
      <subfield code="a">Jakarta :</subfield>
      <subfield code="b">BKKBN,</subfield>
      <subfield code="c">2018</subfield>
    </datafield>
    <datafield tag="300" ind1="#" ind2="#">
      <subfield code="a">94 HLM :</subfield>
      <subfield code="b">ilus ;</subfield>
      <subfield code="c">29 cm</subfield>
    </datafield>
    <datafield tag="650" ind1="#" ind2="4">
      <subfield code="a">Multidimensional Scaling dalam Statistik</subfield>
    </datafield>
    <datafield tag="700" ind1=" " ind2="#">
      <subfield code="a">Sausan Nisrina</subfield>
    </datafield>
    <datafield tag="700" ind1=" " ind2="#">
      <subfield code="a">Izzu Syifaâ€™ian Alpain</subfield>
    </datafield>
    <datafield tag="700" ind1=" " ind2="#">
      <subfield code="a">Hadi Fathurrohman</subfield>
    </datafield>
    <datafield tag="700" ind1=" " ind2="#">
      <subfield code="a">Baiq Delima Septiani</subfield>
    </datafield>
    <datafield tag="520" ind1="#" ind2="#">
      <subfield code="a">ABSTRAK&#13;
Pertumbuhan jumlah penduduk yang pesat dengan kualitas yang rendah dapat mempersulit terwujudnya tujuan pembangunan. BKKBN membuat sebuah program Kampung Keluarga Berkualitas (KB) yang bekerja sama dengan lintas sektoral dinas masyarakat yang merupakan salah satu program kampung terpadu dari pemerintah yang diharapkan dapat mengontrol laju pertumbuhan penduduk. Tujuan penelitian ini mengetahui peta spasial yang menggambarkan persebaran variabel dan mengetahui variabel atau faktor yang memiliki pengaruh penting dalam upaya peningkatan kesejahteraan keluarga di Kampung KB Desa Rempung. Metode yang digunakan dalam menganalisis data yaitu metode multidimensional scalling. Hasil penelitian diperoleh bahwa perceptual map terdapat 4 kuadran yang menggambarkan posisi variabel berdasarkan tingkat kemiripan. Variabel bina keluarga dan lingkungan berada pada kuadran II, variabel ekonomi dan sosial berada pada kuadran III, serta variabel sikap pada kuadran IV. Variabel sikap, bina keluarga dan lingkungan pada kuadran II dam IV memiliki peran yang cukup baik dalam upaya meningkatkan kesejahteraan keluarga di Desa Rempung. Namun, untuk ekonomi dan sosial pada kuadran III perlu ditingkatkan lagi, karena pendapatan masyarakat yang tidak tetap serta belum mampu untuk mengembangkan Sumber Daya Alam (SDA) dan Sumber Daya Manusia (SDM) yang ada. Nilai Stress sebagai ukuran kecocokan dengan kriteria sempurna yaitu sebesar 0.03325 yang berarti model MDS ini cukup baik untuk tingkat kesesuaian model, didukung dengan nilai R Square yang hasilnya sebesar 0.99403 atau sebesar 99.4% model MDS mampu menjelaskan hasil dari analisis data dengan metode MDS.&#13;
Kata kunci: Kampung KB, kesejahteraan keluarga, multidimensional scalling, perceptual map</subfield>
    </datafield>
    <datafield tag="856" ind1="#" ind2="#">
      <subfield code="a">Perpustakaan KEMENDUKBANGGA/BKKBN</subfield>
    </datafield>
  </record>
</collection>
